000 00446nam a22001697a 4500
999 _c5380
_d5380
003 GBCCL
005 20241126110540.0
008 180315b ||||| |||| 00| 0 eng d
040 _cgbc
082 _aVER 223.9
_bENG
100 _aEnglian, P.K.
_99679
245 _aSong of Solomon:
_bLate la /
_cP.K. Englian
260 _bL. Suakhnun,
_aLamka:
_c1992
300 _a92 p.;
_c21 cm.
650 _aBible
_vO. T.
_xSong of Songs
_99681
942 _2ddc
_cBK